| 000 | 00361 a2200169 4500 | ||
|---|---|---|---|
| 001 | 190688 | ||
| 020 | _a85-01-07409-8 | ||
| 040 | _cMagnum | ||
| 100 | _aBerry, Steve | ||
| 240 | 1 | 0 |
_aA profecia romanov _lpor |
| 245 | 1 | 0 | _aA profecia romanov |
| 300 | _a447 | ||
| 362 | 0 | _a2006 | |
| 440 | 1 | _aRecord | |
| 697 | _aLITERATURA GERAL ESTRANGEIRA | ||
| 942 | _cBK | ||
| 999 |
_c190688 _d190688 |
||